<?xml version="1.0" encoding="UTF-8"?><?xml-stylesheet type="text/xsl" href="static/style.xsl"?><OAI-PMH xmlns="http://www.openarchives.org/OAI/2.0/" xmlns:xsi="http://www.w3.org/2001/XMLSchema-instance" xsi:schemaLocation="http://www.openarchives.org/OAI/2.0/ http://www.openarchives.org/OAI/2.0/OAI-PMH.xsd"><responseDate>2026-04-17T06:33:41Z</responseDate><request verb="GetRecord" identifier="oai:www.recercat.cat:2099.1/11359" metadataPrefix="marc">https://recercat.cat/oai/request</request><GetRecord><record><header><identifier>oai:recercat.cat:2099.1/11359</identifier><datestamp>2025-07-23T03:19:44Z</datestamp><setSpec>com_2072_1033</setSpec><setSpec>col_2072_452951</setSpec></header><metadata><record xmlns="http://www.loc.gov/MARC21/slim" xmlns:dcterms="http://purl.org/dc/terms/" xmlns:xsi="http://www.w3.org/2001/XMLSchema-instance" xmlns:doc="http://www.lyncode.com/xoai" xsi:schemaLocation="http://www.loc.gov/MARC21/slim http://www.loc.gov/standards/marcxml/schema/MARC21slim.xsd">
   <leader>00925njm 22002777a 4500</leader>
   <datafield ind2=" " ind1=" " tag="042">
      <subfield code="a">dc</subfield>
   </datafield>
   <datafield ind2=" " ind1=" " tag="720">
      <subfield code="a">Martínez García, Ferran</subfield>
      <subfield code="e">author</subfield>
   </datafield>
   <datafield ind2=" " ind1=" " tag="260">
      <subfield code="c">2011-01-12</subfield>
   </datafield>
   <datafield ind2=" " ind1=" " tag="520">
      <subfield code="a">El objetivo de este proyecto es ser capaces de diseñar y calcular las distintas etapas que corresponden a una construcción de un puente móvil con movimiento vertical de su tablero.&#xd;
Para ello, en primer lugar tendremos que tener claro dónde y cómo va a ser construido nuestro puente para poder empezar a trabajar con unas dimensiones.&#xd;
En segundo lugar diseñaremos la estructura del puente y de todos sus elementos, para así analizar los estados más críticos de este para así poder dimensionarlos correctamente.&#xd;
En tercer lugar realizaremos los cálculos necesarios para la determinación de la cimentación de las torres que soportarán el peso del tablero, las uniones entre zapatas, pilares, vigas y demás elementos, y de la soldadura.&#xd;
En cuarto y último lugar realizaremos los cálculos para dotar el puente del movimiento vertical que lo caracteriza.</subfield>
   </datafield>
   <datafield tag="653" ind2=" " ind1=" ">
      <subfield code="a">Àrees temàtiques de la UPC::Enginyeria civil::Materials i estructures::Tipologies estructurals</subfield>
   </datafield>
   <datafield tag="653" ind2=" " ind1=" ">
      <subfield code="a">Movable bridges</subfield>
   </datafield>
   <datafield tag="653" ind2=" " ind1=" ">
      <subfield code="a">Ponts mòbils -- Disseny</subfield>
   </datafield>
   <datafield ind2="0" ind1="0" tag="245">
      <subfield code="a">Cálculo y diseño de un puente móvil con movimiento vertical</subfield>
   </datafield>
</record></metadata></record></GetRecord></OAI-PMH>